| 000 | 00483nam a2200121Ia 4500 | ||
|---|---|---|---|
| 008 | 160712s9999 xx 000 0 und d | ||
| 100 | _aPineda-Ofreneo, Rosalinda. | ||
| 245 |
_cRosalinda Pineda-Ofreneo _aADDRESSING THE SOCIAL DIMENSIONS OF CLIMATE CHANGE THROUGH ADAPTIVE SOCIAL PROTECTION |
||
| 260 |
_c2011 _bPhilippine Journal of Social Development |
||
| 300 | _avol. 3 | ||
| 650 | _xSOCIAL DEVELOPMENT | ||
| 856 | _uhttp://journals.upd.edu.ph/index.php/pjsd/issue/view/413/showToc | ||
| 999 |
_c297671 _d297671 |
||